[Event "4NCL Division 4 South"]
[Site "Daventry, ENG"]
[Date "2019.04.14"]
[Round "8.146"]
[White "Arora, Tashika"]
[Black "Coburn, Joseph A"]
[Result "0-1"]
[WhiteElo "1437"]
[BlackElo "1776"]
[PlyCount "100"]
[EventDate "2019.04.14"]
[WhiteTeam "Check Innmates 3"]
[BlackTeam "Wessex C"]

1. d4 Nf6 2. Nf3 d6 3. Bf4 g6 4. e3 Bg7 5. Be2 c6 6. O-O Nbd7 7. c4 O-O 8. Nc3
Nh5 9. Bg5 f5 10. Qd2 Nhf6 11. Rac1 a6 12. Rfd1 Qc7 13. d5 Nc5 14. Qc2 Nfe4 15.
Nxe4 Nxe4 16. Bf4 c5 17. Bd3 b5 18. Ng5 Nxg5 19. Bxg5 bxc4 20. Bxc4 Rb8 21. b3
a5 22. a4 Bf6 23. Bh6 Re8 24. Bf4 Qb6 25. Bb5 Rd8 26. Qc4 Bd7 27. Bxd7 Rxd7 28.
Rb1 Rdb7 29. Rd3 Qb4 30. Qxb4 Rxb4 31. Kf1 c4 32. Rdd1 cxb3 33. Rd3 b2 34. Ra3
g5 35. Bg3 f4 36. exf4 gxf4 37. Ke2 fxg3 38. Rxg3+ Kf7 39. Ra3 Rc4 40. Kd1 Rd4+
41. Kc2 Rxd5 42. Rf3 Rc5+ 43. Kd1 Ke8 44. Rg3 Kd7 45. f4 Rbc8 46. Ke2 Rc1 47.
Rxc1 bxc1=Q 48. Rh3 Rc2+ 49. Kf3 Qf1+ 50. Ke3 Qe2# 0-1

[Event "4NCL Division 4 South"]
[Site "Daventry, ENG"]
[Date "2019.04.14"]
[Round "8.151"]
[White "Karpe, Reya"]
[Black "Lightfoot, Malcolm J"]
[Result "0-1"]
[WhiteElo "1412"]
[BlackElo "1828"]
[PlyCount "76"]
[EventDate "2019.04.14"]
[WhiteTeam "Barnet Knights 3"]
[BlackTeam "Iceni 3"]

1. d4 Nf6 2. c4 g6 3. g3 d5 4. cxd5 Nxd5 5. Bg2 Bg7 6. Nf3 Nc6 7. e4 Nb6 8. d5
Na5 9. Nc3 c6 10. O-O O-O 11. Bf4 Nac4 12. Qc2 cxd5 13. exd5 Bf5 14. Qe2 Rc8
15. Rad1 Nxb2 16. Qxb2 Bxc3 17. Qe2 Nc4 18. Ne5 b5 19. Nxc4 bxc4 20. d6 exd6
21. Rxd6 Qa5 22. Rc1 Rfe8 23. Qf3 Bb2 24. Rc2 Bxc2 25. Bd2 Qf5 26. Qb7 c3 27.
Bc6 cxd2 28. Rxd2 Rxc6 29. Qxc6 Re1+ 30. Kg2 Be4+ 31. Qxe4 Qxe4+ 32. Kh3 h5 33.
f3 Qe6+ 34. Kg2 Re2+ 35. Rxe2 Qxe2+ 36. Kh3 Qxf3 37. Kh4 Bf6+ 38. Kh3 Qf1# 0-1

[Event "4NCL Division 4 South"]
[Site "Daventry, ENG"]
[Date "2019.04.14"]
[Round "8.152"]
[White "Jones, Robert L"]
[Black "Carter, Gavin"]
[Result "1-0"]
[WhiteElo "1783"]
[BlackElo "1452"]
[PlyCount "133"]
[EventDate "2019.04.14"]
[WhiteTeam "Iceni 3"]
[BlackTeam "Barnet Knights 3"]

1. e4 d5 2. d4 dxe4 3. Nc3 e5 4. Be3 exd4 5. Bxd4 f5 6. Be2 Nf6 7. f3 Nc6 8.
Bb5 Bd7 9. fxe4 Nxe4 10. Nxe4 Qh4+ 11. Bf2 Qxe4+ 12. Qe2 Qxe2+ 13. Nxe2 O-O-O
14. O-O Bd6 15. c3 a6 16. Bxc6 Bxc6 17. Bd4 Be4 18. Nf4 Bxf4 19. Rxf4 Rhg8 20.
Rh4 h6 21. Re1 Rd6 22. Rf4 g5 23. Rf2 h5 24. h3 h4 25. Kh2 Kd7 26. a3 Rh6 27.
Be5 g4 28. Rd2+ Kc6 29. Ree2 gxh3 30. Kxh3 Rh5 31. Bh2 Rh7 32. Rf2 Rg5 33. Bf4
Rg6 34. Bh2 Rg5 35. Rf4 b5 36. Bg1 Rg3+ 37. Kh2 h3 38. Kxg3 hxg2 39. Rxe4 fxe4
40. Kf2 Rh3 41. Kxg2 Rd3 42. Rxd3 exd3 43. Kf3 Kd5 44. b3 c5 45. Bxc5 Kxc5 46.
Ke3 a5 47. Kxd3 Kd5 48. c4+ bxc4+ 49. bxc4+ Kc5 50. Kc3 Kc6 51. Kd4 Kd6 52. c5+
Kc6 53. Kc4 Kc7 54. Kb5 Kb7 55. Kxa5 Kc6 56. Kb4 Kc7 57. Kb5 Kb7 58. a4 Kc7 59.
c6 Kc8 60. Kb6 Kb8 61. a5 Ka8 62. Kc7 Ka7 63. Kd7 Kb8 64. c7+ Ka7 65. a6 Kxa6
66. c8=Q+ Kb5 67. Qc3 1-0

[Event "4NCL Division 4 South"]
[Site "Daventry, ENG"]
[Date "2019.04.14"]
[Round "8.153"]
[White "Wolstenholme, Scarlet"]
[Black "Carter, Dominic A"]
[Result "0-1"]
[WhiteElo "1307"]
[BlackElo "1617"]
[PlyCount "90"]
[EventDate "2019.04.14"]
[WhiteTeam "Barnet Knights 3"]
[BlackTeam "Iceni 3"]

1. d4 Nf6 2. c4 c5 3. Nf3 g6 4. g3 Bg7 5. Bg2 cxd4 6. Nxd4 Nc6 7. Nxc6 bxc6 8.
Nc3 O-O 9. Bd2 Qc7 10. O-O Rb8 11. Qc2 d5 12. cxd5 cxd5 13. e3 Bf5 14. Qc1 Qd7
15. Re1 Rfc8 16. b3 Ne4 17. Bxe4 Bxe4 18. Qb2 Qh3 19. f3 Bxf3 20. Bc1 Bxc3 21.
Qf2 Bxe1 22. Qxf3 Bc3 23. Rb1 Qf5 24. Qxf5 gxf5 25. Ba3 Bf6 26. Kg2 Rc2+ 27.
Kf3 Rxa2 28. Bc5 Rc8 29. b4 a5 30. h4 axb4 31. Bxb4 Rb8 32. Kf4 Ra4 33. Kf3
Rbxb4 34. Rxb4 Rxb4 35. Kf2 e5 36. Kf3 Re4 37. Ke2 d4 38. Kf2 Rxe3 39. Kg2 e4
40. Kh3 d3 41. Kg2 d2 42. Kf2 Re1 43. Kg2 d1=Q 44. Kh2 Qe2+ 45. Kh3 Rh1# 0-1

[Event "4NCL Division 4 South"]
[Site "Daventry, ENG"]
[Date "2019.04.14"]
[Round "8.154"]
[White "Collicott, Peter J"]
[Black "Ibrahim, Amir"]
[Result "1-0"]
[WhiteElo "1633"]
[BlackElo "1300"]
[PlyCount "111"]
[EventDate "2019.04.14"]
[WhiteTeam "Iceni 3"]
[BlackTeam "Barnet Knights 3"]

1. c4 e6 2. Nc3 d5 3. d4 c6 4. Nf3 Bd6 5. Bg5 Nf6 6. e3 Nbd7 7. Bd3 O-O 8. O-O
Qc7 9. c5 Be7 10. Qc2 b6 11. Bxh7+ Kh8 12. cxb6 axb6 13. Bd3 c5 14. Bf4 Bd6 15.
Nb5 Qc6 16. Nxd6 c4 17. Nxc8 Raxc8 18. Be2 Ne4 19. Ne5 Nxe5 20. Bxe5 c3 21. f3
Nd2 22. Rfc1 cxb2 23. Qxb2 Nc4 24. Bxc4 dxc4 25. Bxg7+ Kxg7 26. d5+ c3 27. Qb4
exd5 28. Rc2 Qc5 29. Qxc5 Rxc5 30. Rac1 Rfc8 31. Kf2 b5 32. a3 Kf6 33. Ke2 Ke5
34. Kd3 Kd6 35. Rxc3 Rxc3+ 36. Rxc3 Rxc3+ 37. Kxc3 Kc5 38. h4 Kd6 39. h5 Ke7
40. Kb4 Kf6 41. h6 Kg6 42. h7 Kxh7 43. Kxb5 Kg6 44. Kc5 Kh5 45. Kxd5 Kh4 46. a4
Kg3 47. a5 Kxg2 48. f4 Kf3 49. Kd4 f5 50. a6 Kg4 51. a7 Kf3 52. a8=Q+ Kg4 53.
Qg2+ Kh4 54. Ke5 Kh5 55. Kxf5 Kh6 56. Qg6# 1-0

[Event "4NCL Division 4 South"]
[Site "Daventry, ENG"]
[Date "2019.04.14"]
[Round "8.155"]
[White "Nakano, Kazumasa"]
[Black "Balakrishnan, Kathirvel"]
[Result "1-0"]
[WhiteElo "1270"]
[BlackElo "1585"]
[PlyCount "54"]
[EventDate "2019.04.14"]
[WhiteTeam "Barnet Knights 3"]
[BlackTeam "Iceni 3"]

1. e4 e6 2. d4 d5 3. e5 c5 4. c3 Nc6 5. Nf3 Bd7 6. Be2 Nge7 7. O-O Qb6 8. b3
Nf5 9. Be3 cxd4 10. cxd4 Be7 11. Nc3 Nxe3 12. fxe3 O-O 13. a3 f6 14. Na4 Qc7
15. exf6 Rxf6 16. Rc1 Bxa3 17. Rc2 b6 18. Ne5 Rxf1+ 19. Qxf1 Rf8 20. Qe1 Qb7
21. Nxd7 Qxd7 22. Bb5 Rc8 23. Qc3 Rc7 24. Bxc6 Qc8 25. Qa1 b5 26. Qxa3 Rxc6 27.
Rxc6 Qxc6 1-0

[Event "4NCL Division 4 South"]
[Site "Daventry, ENG"]
[Date "2019.04.14"]
[Round "8.156"]
[White "Kent, Rowan"]
[Black "Dave, Dirghayush J"]
[Result "1-0"]
[WhiteElo "1405"]
[BlackElo "1172"]
[PlyCount "61"]
[EventDate "2019.04.14"]
[WhiteTeam "Iceni 3"]
[BlackTeam "Barnet Knights 3"]

1. e4 e5 2. Nf3 Nc6 3. Bc4 Nf6 4. Ng5 d5 5. exd5 b5 6. Bxb5 Bd7 7. dxc6 Bc5 8.
cxd7+ Nxd7 9. Bxd7+ Qxd7 10. O-O O-O 11. Nc3 Qf5 12. d3 Bd6 13. Be3 e4 14. dxe4
Qe5 15. Nf3 Qh5 16. Qe2 Rae8 17. Rfe1 Re5 18. Nxe5 Qxe5 19. g3 Re8 20. Bf4 Qe6
21. Bxd6 cxd6 22. Nd5 Qe5 23. c3 f5 24. Qc4 Re6 25. Nf4 fxe4 26. Qxe6+ Kh8 27.
Rxe4 Qxe6 28. Rxe6 h6 29. Re8+ Kh7 30. Rae1 g5 31. R1e7# 1-0

[Event "4NCL Division 4 South"]
[Site "Daventry, ENG"]
[Date "2019.05.04"]
[Round "9.11"]
[White "Cooksey, Paul S"]
[Black "Larter, Nick J"]
[Result "1-0"]
[WhiteElo "2278"]
[BlackElo "1952"]
[PlyCount "75"]
[EventDate "2019.05.04"]
[WhiteTeam "Crowthorne 1"]
[BlackTeam "Celtic Tigers 2"]

1. d4 e6 2. Nf3 d5 3. c4 c6 4. g3 f5 5. Bg2 Nf6 6. O-O Bd6 7. Nc3 O-O 8. Qc2
Bd7 9. Rb1 Qe7 10. b4 Be8 11. b5 f4 12. Ne5 Bxe5 13. dxe5 Ng4 14. bxc6 bxc6 15.
cxd5 fxg3 16. hxg3 Qc5 17. e3 cxd5 18. Qb3 Qc7 19. Ba3 Qxe5 20. Bxf8 Qh5 21.
Rfd1 Kxf8 22. Nxd5 exd5 23. Rxd5 Qh2+ 24. Kf1 Nd7 25. Qb4+ Kg8 26. Qxg4 Nf6 27.
Qh4 Qxh4 28. gxh4 Rc8 29. Rd2 Bg6 30. Rbd1 Kf7 31. Kg1 Rb8 32. Rc1 a5 33. f3
Rb4 34. Rc7+ Kf8 35. e4 h5 36. Ra7 a4 37. Ra8+ Be8 38. e5 1-0

[Event "4NCL Division 4 South"]
[Site "Daventry, ENG"]
[Date "2019.05.04"]
[Round "9.12"]
[White "Stevenson, James"]
[Black "Webb, Richard M"]
[Result "1/2-1/2"]
[WhiteElo "1994"]
[BlackElo "2206"]
[PlyCount "42"]
[EventDate "2019.05.04"]
[WhiteTeam "Celtic Tigers 2"]
[BlackTeam "Crowthorne 1"]

1. e4 c5 2. d4 cxd4 3. c3 Nf6 4. e5 Nd5 5. Nf3 Nc6 6. cxd4 d6 7. Bc4 Nb6 8. Bb5
dxe5 9. Nxe5 Bd7 10. Nc3 Nxe5 11. dxe5 Bxb5 12. Nxb5 Qxd1+ 13. Kxd1 Nd5 14. Ke2
e6 15. Rd1 Be7 16. Be3 a6 17. Rxd5 exd5 18. Nc7+ Kd7 19. Nxa8 Rxa8 20. Rc1 Rc8
21. Rxc8 Kxc8 1/2-1/2

[Event "4NCL Division 4 South"]
[Site "Daventry, ENG"]
[Date "2019.05.04"]
[Round "9.13"]
[White "Purdon, Colin"]
[Black "Buttell, David"]
[Result "1/2-1/2"]
[WhiteElo "2061"]
[BlackElo "1945"]
[PlyCount "103"]
[EventDate "2019.05.04"]
[WhiteTeam "Crowthorne 1"]
[BlackTeam "Celtic Tigers 2"]

1. d4 Nf6 2. c4 c5 3. d5 e6 4. Nc3 exd5 5. cxd5 d6 6. Nf3 g6 7. Nd2 Bg7 8. e4
O-O 9. Be2 a6 10. a4 b6 11. O-O Nbd7 12. Nc4 Ne5 13. Ne3 Rb8 14. f4 Ned7 15.
Nc4 Ne8 16. Be3 Qe7 17. Bf3 Kh8 18. Qd2 g5 19. g3 gxf4 20. gxf4 Rg8 21. Kh1 Nf8
22. Rg1 Ng6 23. Rae1 Bd7 24. Rg3 b5 25. axb5 axb5 26. Na5 b4 27. Nd1 Nh4 28.
Bf2 Nc7 29. Bg4 Ra8 30. Bxd7 Rxa5 31. Bh3 Raa8 32. e5 Ng6 33. e6 Raf8 34. f5
Ne5 35. Ne3 Bh6 36. Qe2 Bxe3 37. Qxe3 Nxd5 38. Qh6 Nf6 39. Reg1 fxe6 40. fxe6
Ne4 41. Rxg8+ Rxg8 42. Rxg8+ Kxg8 43. Qf4 Nd3 44. Qg4+ Kh8 45. Bh4 Nef2+ 46.
Kg1 Nxh3+ 47. Qxh3 Qg7+ 48. Kf1 Qf8+ 49. Kg1 Nf4 50. Qf3 Qg8+ 51. Kf1 Nxe6 52.
Qf6+ 1/2-1/2

[Event "4NCL Division 4 South"]
[Site "Daventry, ENG"]
[Date "2019.05.04"]
[Round "9.14"]
[White "Tivillier, Jacques"]
[Black "Coates, Kenneth G"]
[Result "0-1"]
[WhiteElo "1915"]
[BlackElo "2057"]
[PlyCount "54"]
[EventDate "2019.05.04"]
[WhiteTeam "Celtic Tigers 2"]
[BlackTeam "Crowthorne 1"]

1. e4 c5 2. Nf3 d6 3. d4 cxd4 4. Nxd4 Nf6 5. Nc3 a6 6. Bg5 e6 7. f4 Be7 8. Qf3
Nbd7 9. O-O-O Qc7 10. Bd3 h6 11. Bh4 g5 12. fxg5 Ne5 13. Qe2 Nfg4 14. Bg3 hxg5
15. Kb1 Bd7 16. Qd2 O-O-O 17. Nf5 Bf8 18. Nd4 Qb6 19. Be2 Rg8 20. Rhf1 Be8 21.
h3 Nh6 22. Nf3 Nxf3 23. Rxf3 g4 24. Rd3 gxh3 25. gxh3 Kc7 26. Bxd6+ Rxd6 27.
Rxd6 Qxd6 0-1

[Event "4NCL Division 4 South"]
[Site "Daventry, ENG"]
[Date "2019.05.04"]
[Round "9.15"]
[White "Tart, Peter K"]
[Black "Kitchen, Peter J"]
[Result "1/2-1/2"]
[WhiteElo "1933"]
[BlackElo "1915"]
[PlyCount "109"]
[EventDate "2019.05.04"]
[WhiteTeam "Crowthorne 1"]
[BlackTeam "Celtic Tigers 2"]

1. e4 e6 2. d4 d5 3. exd5 exd5 4. Bd3 Bd6 5. Qf3 Nc6 6. c3 Nf6 7. Bg5 Bg4 8.
Qxg4 Nxg4 9. Bxd8 Nxd8 10. Nf3 O-O 11. O-O c5 12. dxc5 Bxc5 13. Nbd2 Nc6 14.
Nb3 Bd6 15. Bf5 Nf6 16. Nbd4 a6 17. Rfe1 Nxd4 18. Nxd4 g6 19. Bc2 Rfe8 20. g3
Rad8 21. Kf1 Kf8 $11 22. Bb3 Bc5 23. Rxe8+ Rxe8 24. Rd1 Rd8 25. f3 h5 26. Ne2
Bb6 27. Nd4 Bc5 28. Rd3 Bb6 29. f4 Ng4 30. h3 Nf6 31. Bd1 Re8 32. Bf3 Ne4 33.
Ne2 Rd8 34. c4 Nf6 35. cxd5 Ne8 36. Rb3 Rd6 37. Nc3 Nf6 38. Ne4 Nxe4 39. Bxe4
Ke7 40. a4 a5 41. Rb5 Kd7 42. b4 axb4 43. Rxb4 Kc8 44. Ke2 h4 45. g4 g5 46. Kf3
f6 $11 47. Bf5+ Kb8 48. Be6 Ba5 49. Rc4 Bd2 50. Rc8+ Ka7 51. Rf8 Bxf4 52. Rxf6
Bc1 53. Rf7 Rb6 54. Rc7 Bf4 55. Rc3 1/2-1/2

[Event "4NCL Division 4 South"]
[Site "Daventry, ENG"]
[Date "2019.05.04"]
[Round "9.16"]
[White "Cranston, Adam"]
[Black "Ward, Matthew J"]
[Result "1/2-1/2"]
[WhiteElo "1802"]
[BlackElo "1790"]
[PlyCount "40"]
[EventDate "2019.05.04"]
[WhiteTeam "Celtic Tigers 2"]
[BlackTeam "Crowthorne 1"]

1. d4 d5 2. Bf4 Nf6 3. e3 c5 4. c3 Nc6 5. Nd2 Bf5 6. Ngf3 e6 7. Qb3 Qc8 8. Bb5
c4 9. Qa4 a6 10. Bxc6+ Qxc6 11. Qxc6+ bxc6 12. b3 Ba3 13. bxc4 Bb2 14. O-O Bxa1
15. Rxa1 O-O 16. Ne5 Rfc8 17. Nb3 a5 18. f3 dxc4 19. Nxc4 a4 20. Nc5 Ra7
1/2-1/2

[Event "4NCL Division 4 South"]
[Site "Daventry, ENG"]
[Date "2019.05.04"]
[Round "9.21"]
[White "Mercs, Peter J"]
[Black "Terry, Sean"]
[Result "1/2-1/2"]
[WhiteElo "2087"]
[BlackElo "1888"]
[PlyCount "108"]
[EventDate "2019.05.04"]
[WhiteTeam "Ashfield 1"]
[BlackTeam "Oxford 3"]

1. e4 e6 2. d4 d5 3. e5 c5 4. c3 Qb6 5. Nf3 Bd7 6. a3 Nc6 7. b4 c4 8. Nbd2 f6
9. g3 a5 10. Rb1 axb4 11. axb4 fxe5 12. b5 Nxd4 13. cxd4 exd4 14. Bxc4 dxc4 15.
Nxc4 Qc5 16. Qb3 Rc8 17. Nfe5 Nf6 18. O-O Qd5 19. Ba3 Bc5 20. Nxd7 Nxd7 21.
Bxc5 Nxc5 22. Qb4 Nd3 23. Nd6+ Kd7 24. Nxc8 Nxb4 25. Nb6+ Kd6 26. Nxd5 Nxd5 27.
f4 Nc3 28. Rb2 Kc5 29. Re1 Rd8 30. Rxe6 d3 31. Rd2 Nxb5 32. Kf2 Nd4 33. Re7 Nb3
34. Rd1 b6 35. Ke3 Kc4 36. Rc7+ Nc5 37. Rc1+ Kd5 38. R7xc5+ bxc5 39. Kxd3 Ra8
40. Rc2 Ra3+ 41. Ke2 c4 42. Rd2+ Kc6 43. Rc2 Kc5 44. Rd2 g6 45. g4 c3 46. Rd7
Ra2+ 47. Kd1 Rxh2 48. f5 gxf5 49. gxf5 h5 50. f6 c2+ 51. Kc1 h4 52. f7 Rf2 53.
Rc7+ Kd6 54. Rc4 Rxf7 1/2-1/2

[Event "4NCL Division 4 South"]
[Site "Daventry, ENG"]
[Date "2019.05.04"]
[Round "9.22"]
[White "MacQueen, Stuart"]
[Black "Jarvis, Derek A"]
[Result "1/2-1/2"]
[WhiteElo "1890"]
[BlackElo "2065"]
[PlyCount "110"]
[EventDate "2019.05.04"]
[WhiteTeam "Oxford 3"]
[BlackTeam "Ashfield 1"]

1. d4 d5 2. c4 e6 3. Nf3 Nf6 4. Bf4 Bb4+ 5. Nc3 O-O 6. e3 c5 7. a3 Bxc3+ 8.
bxc3 Qa5 9. Bd6 Qxc3+ 10. Nd2 Rd8 11. Bxc5 Na6 12. Be7 Bd7 13. Bxd8 Rxd8 14. c5
e5 15. Qc1 Qa5 16. f3 exd4 17. exd4 b6 18. Kf2 bxc5 19. Nb3 Qa4 20. Bxa6 Qxb3
21. Qxc5 Qb2+ 22. Be2 Re8 23. Rae1 Qd2 24. Qb4 Qe3+ 25. Kf1 a5 26. Qb2 Nh5 27.
Qc1 Qxd4 28. Ba6 Rxe1+ 29. Qxe1 g6 30. Qe2 Nf4 31. Qf2 Qa1+ 32. Qe1 Qxa3 33. h3
Qb2 34. Qf2 Qb1+ 35. Qe1 Qc2 36. Qf2 Qc1+ 37. Qe1 Qb2 38. Qf2 Qa1+ 39. Qe1 Qa2
40. Qf2 Qb1+ 41. Qe1 Qb6 42. Be2 a4 43. Qc1 Qd4 44. g4 Qe5 45. Ba6 d4 46. Qb2
Qd6 47. Bc4 a3 48. Qa2 Be6 49. Bxe6 Nxe6 50. h4 Qa6+ 51. Kf2 Qd6 52. h5 g5 53.
h6 Qb4 54. Rb1 Qd6 55. Rh1 Qb4 1/2-1/2

[Event "4NCL Division 4 South"]
[Site "Daventry, ENG"]
[Date "2019.05.04"]
[Round "9.23"]
[White "Combie, Alex B"]
[Black "Burrows, Nick"]
[Result "1/2-1/2"]
[WhiteElo "2005"]
[BlackElo "1932"]
[PlyCount "67"]
[EventDate "2019.05.04"]
[WhiteTeam "Ashfield 1"]
[BlackTeam "Oxford 3"]

1. d4 Nf6 2. c4 b6 3. Nc3 Bb7 4. Qc2 d5 5. cxd5 Nxd5 6. e4 Nxc3 7. bxc3 e5 8.
Nf3 exd4 9. cxd4 Bb4+ 10. Bd2 Bxd2+ 11. Kxd2 O-O 12. Bc4 Nc6 13. Kc3 Na5 14.
Rad1 Nxc4 15. Kxc4 c5 16. d5 f5 17. Kb3 fxe4 18. Qxe4 Kh8 19. Rhe1 Qd7 20. Rd2
Qb5+ 21. Kc3 Rae8 22. Ne5 Qa5+ 23. Kc2 Qxa2+ 24. Kc1 Qa3+ 25. Kc2 Bc8 26. g4
Qa2+ 27. Kc3 Qa3+ 28. Kc2 Ba6 29. d6 Qa2+ 30. Kc1 Qa1+ 31. Kc2 Qa2+ 32. Kc1
Qa1+ 33. Kc2 Qa2+ 34. Kc1 1/2-1/2

[Event "4NCL Division 4 South"]
[Site "Daventry, ENG"]
[Date "2019.05.04"]
[Round "9.24"]
[White "Foster, Timothy"]
[Black "Garnett, John S"]
[Result "1/2-1/2"]
[WhiteElo "1862"]
[BlackElo "1975"]
[PlyCount "70"]
[EventDate "2019.05.04"]
[WhiteTeam "Oxford 3"]
[BlackTeam "Ashfield 1"]

1. Nf3 d5 2. g3 Nf6 3. Bg2 c5 4. c4 d4 5. O-O Nc6 6. d3 e5 7. e3 Be7 8. exd4
exd4 9. Re1 O-O 10. Bf4 Bg4 11. h3 Bf5 12. Ne5 Nxe5 13. Bxe5 Qd7 14. Qf3 Bxh3
15. Qxb7 Bxg2 16. Qxd7 Nxd7 17. Kxg2 Nxe5 18. Rxe5 Rfe8 19. Nd2 Bd6 20. Rxe8+
Rxe8 21. Ne4 Bf8 22. Re1 Re6 23. Kf1 f5 24. Ng5 Rxe1+ 25. Kxe1 Be7 26. Nf3 Bf6
27. a3 Kf7 28. b4 cxb4 29. axb4 Ke6 30. Kd1 g5 31. Kc2 h5 32. Kd2 g4 33. Nh4
Bxh4 34. gxh4 f4 35. Ke2 Kd6 1/2-1/2

[Event "4NCL Division 4 South"]
[Site "Daventry, ENG"]
[Date "2019.05.04"]
[Round "9.25"]
[White "Walker, Andrew N"]
[Black "Rudny, Tomasz"]
[Result "1/2-1/2"]
[WhiteElo "1952"]
[BlackElo "1900"]
[PlyCount "55"]
[EventDate "2019.05.04"]
[WhiteTeam "Ashfield 1"]
[BlackTeam "Oxford 3"]

1. e4 e5 2. Nf3 Nc6 3. Bb5 Nf6 4. O-O Nxe4 5. Re1 Nd6 6. Nxe5 Nxe5 7. Rxe5+ Be7
8. Bf1 O-O 9. d4 Bf6 10. Re1 Re8 11. c3 Rxe1 12. Qxe1 Ne8 13. Bf4 d5 14. Nd2
Bf5 15. Nf3 Nd6 16. Ne5 Bg5 17. Qe3 Bxf4 18. Qxf4 f6 19. Nd3 a5 20. Re1 b6 21.
Nc1 Qd7 22. f3 Re8 23. Qd2 Kf7 24. Re3 Rxe3 25. Qxe3 Qe6 26. Kf2 Qxe3+ 27. Kxe3
g5 28. Bd3 1/2-1/2

[Event "4NCL Division 4 South"]
[Site "Daventry, ENG"]
[Date "2019.05.04"]
[Round "9.26"]
[White "Wilson, Edgar"]
[Black "George, Andrew P"]
[Result "0-1"]
[WhiteElo "1922"]
[BlackElo "2020"]
[PlyCount "140"]
[EventDate "2019.05.04"]
[WhiteTeam "Oxford 3"]
[BlackTeam "Ashfield 1"]

1. e4 g6 2. d4 Bg7 3. Nf3 d6 4. Nc3 Nd7 5. Be2 e5 6. d5 Ne7 7. O-O h6 8. Ne1
O-O 9. Be3 f5 10. f3 Nf6 11. exf5 Nxf5 12. Bf2 Bd7 13. Ne4 c6 14. Bc4 c5 15.
Bd3 Be8 16. c4 Nd4 17. Nc2 Nh5 18. Nxd4 exd4 19. g3 Rc8 20. f4 Nf6 21. Qe2 Rc7
22. Rfe1 Bf7 23. Nxf6+ Bxf6 24. Qg4 Kg7 25. Bxg6 Bxg6 26. f5 Bg5 27. fxg6 Qf6
28. Rf1 Qxg6 29. h4 Rxf2 30. Rxf2 Be3 31. Qxg6+ Kxg6 32. Kg2 Bxf2 33. Kxf2 Re7
34. Rb1 Kf5 35. b4 b6 36. bxc5 bxc5 37. Rb3 Kg4 38. Rf3 Re4 39. Rf6 d3 40. Re6
Rxc4 41. Rxd6 d2 42. Ke2 Rd4 43. Kd1 Kxg3 44. Rxh6 Rxd5 45. Ra6 c4 46. Ra3+ Kf4
47. Rc3 Rd4 48. h5 Ke5 49. h6 Rh4 50. Kxd2 Kd4 51. Ra3 c3+ 52. Kc2 Rh2+ 53. Kd1
Kd3 54. Ke1 Rh1+ 55. Kf2 Kd2 56. Rxa7 c2 57. Rd7+ Kc3 58. Rc7+ Kb2 59. Rb7+ Ka1
60. Rc7 Rxh6 61. Ke1 Kb2 62. Rb7+ Kc1 63. a4 Re6+ 64. Kf2 Re4 65. a5 Kd2 66.
Rd7+ Kc3 67. a6 c1=Q 68. Rc7+ Rc4 69. a7 Qf4+ 70. Kg1 Qg3+ 0-1

[Event "4NCL Division 4 South"]
[Site "Daventry, ENG"]
[Date "2019.05.04"]
[Round "9.31"]
[White "McMahon, Paul"]
[Black "Simons, Martin J"]
[Result "1/2-1/2"]
[WhiteElo "1892"]
[BlackElo "2005"]
[PlyCount "43"]
[EventDate "2019.05.04"]
[WhiteTeam "Poisoned Pawns - Next Generation"]
[BlackTeam "Wessex B"]

1. e4 Nc6 2. Nf3 d5 3. Nc3 dxe4 4. Nxe4 Qd5 5. Qe2 Bf5 6. d3 e5 7. Nc3 Bb4 8.
Bd2 Bxc3 9. Bxc3 O-O-O 10. g3 f6 11. Bg2 Qd7 12. O-O Bh3 13. Rfd1 Bxg2 14. Kxg2
Nd4 15. Bxd4 exd4 16. Re1 Nh6 17. Qe6 c5 18. Re4 Qxe6 19. Rxe6 Rhe8 20. Rae1
Rxe6 21. Rxe6 Kd7 22. Re4 1/2-1/2

[Event "4NCL Division 4 South"]
[Site "Daventry, ENG"]
[Date "2019.05.04"]
[Round "9.32"]
[White "Weatherlake, John P"]
[Black "Tombolis, Christopher"]
[Result "1/2-1/2"]
[WhiteElo "1922"]
[BlackElo "1883"]
[PlyCount "68"]
[EventDate "2019.05.04"]
[WhiteTeam "Wessex B"]
[BlackTeam "Poisoned Pawns - Next Generation"]

1. d4 d5 2. Nc3 Nf6 3. Bf4 e6 4. Nb5 Na6 5. a3 c6 6. Nc3 c5 7. e3 b6 8. Qf3 c4
9. Be2 Bb7 10. Bxc4 Qc8 11. Bd3 Nb8 12. Nb5 Na6 13. Ne2 Ne4 14. Qh3 Be7 15. f3
g5 16. Be5 f6 17. Qh5+ Kd7 18. Bg3 Nxg3 19. Nxg3 Nc7 20. Nc3 Qe8 21. Qh3 h5 22.
e4 Qf7 23. Nge2 Rag8 24. Qg3 g4 25. Qf2 Qg7 26. exd5 Bxd5 27. Nxd5 exd5 28.
fxg4 hxg4 29. Qf5+ Kc6 30. c4 Qg5 31. cxd5+ Nxd5 32. Qe6+ Kc7 33. Be4 Rd8 34.
Bxd5 Qxd5 1/2-1/2

[Event "4NCL Division 4 South"]
[Site "Daventry, ENG"]
[Date "2019.05.04"]
[Round "9.33"]
[White "Trivedi, Aarnavh"]
[Black "Marsh, Roger D W"]
[Result "0-1"]
[WhiteElo "1862"]
[BlackElo "1937"]
[PlyCount "100"]
[EventDate "2019.05.04"]
[WhiteTeam "Poisoned Pawns - Next Generation"]
[BlackTeam "Wessex B"]

1. d4 g6 2. Nf3 Bg7 3. e4 c6 4. Nc3 d5 5. Bf4 dxe4 6. Nxe4 Bg4 7. c3 Nd7 8. h3
Bxf3 9. Qxf3 Ngf6 10. Nxf6+ Nxf6 11. Bc4 O-O 12. O-O Nd5 13. Be3 e6 14. Rad1
Qc7 15. Bxd5 cxd5 16. h4 h6 17. Bf4 Qe7 18. Qg3 Rfc8 19. h5 g5 20. Bd2 f5 21.
Qe3 Rc6 22. Rfe1 Qf7 23. Qh3 b5 24. g4 Rf8 25. Re2 fxg4 26. Qxg4 Qf3 27. Qxf3
Rxf3 28. Kg2 Rf6 29. Kg3 Bf8 30. Rde1 Bd6+ 31. Kg2 Kf7 32. f3 Rc8 33. Rf2 Ke7
34. Ree2 Rcf8 35. Be3 Kd7 36. Re1 a5 37. Ref1 b4 38. Kh3 Kc6 39. Kg4 Bf4 40.
Bxf4 Rxf4+ 41. Kg3 bxc3 42. bxc3 Kb5 43. Re2 R8f6 44. Rff2 Kc4 45. Rc2 Rh4 46.
Rf1 Rxh5 47. Rff2 Rh1 48. Kg2 Rd1 49. Kg3 Rd3 50. Kg4 Rxc3 0-1

[Event "4NCL Division 4 South"]
[Site "Daventry, ENG"]
[Date "2019.05.04"]
[Round "9.34"]
[White "Bellers, Chris J"]
[Black "Volovich, Julia"]
[Result "1/2-1/2"]
[WhiteElo "1929"]
[BlackElo "1885"]
[PlyCount "47"]
[EventDate "2019.05.04"]
[WhiteTeam "Wessex B"]
[BlackTeam "Poisoned Pawns - Next Generation"]

1. Nf3 f5 2. d3 d6 3. e4 e5 4. Nc3 Nf6 5. exf5 Bxf5 6. d4 e4 7. Nh4 Bg4 8. Be2
Bxe2 9. Qxe2 d5 10. f3 Nc6 11. Be3 Bb4 12. O-O exf3 13. Nxf3 Qe7 14. Rae1 O-O-O
15. Bg5 Qxe2 16. Rxe2 Rhe8 17. Bxf6 Bxc3 18. Rxe8 Rxe8 19. bxc3 gxf6 20. Kf2
Kd7 21. Ne1 Na5 22. Nd3 Nc4 23. Re1 Rxe1 24. Nxe1 1/2-1/2

[Event "4NCL Division 4 South"]
[Site "Daventry, ENG"]
[Date "2019.05.04"]
[Round "9.35"]
[White "Dharmasena, Gavith"]
[Black "Woltery, Nicolai"]
[Result "1/2-1/2"]
[WhiteElo "1855"]
[BlackElo "1865"]
[PlyCount "81"]
[EventDate "2019.05.04"]
[WhiteTeam "Poisoned Pawns - Next Generation"]
[BlackTeam "Wessex B"]

1. e4 c5 2. Nf3 Nc6 3. d4 cxd4 4. Nxd4 g6 5. Nc3 Bg7 6. Be3 Nf6 7. f3 O-O 8.
Bc4 d6 9. Qd2 Bd7 10. O-O-O Ne5 11. Bb3 Rc8 12. Bh6 Nc4 13. Qg5 Qa5 14. Nd5
Nxd5 15. Bxg7 Kxg7 16. exd5 f6 17. Qg3 Qxd5 18. Rhe1 Qf7 19. f4 e5 20. fxe5
dxe5 21. Nf3 Be6 22. Rf1 Qe7 23. Nh4 b5 24. Kb1 Rfd8 25. Bxc4 Rxd1+ 26. Rxd1
Rxc4 27. Nf3 Bf5 28. Rd2 Qc5 29. Ne1 Rd4 30. Rxd4 Qxd4 31. Nd3 Bxd3 32. cxd3 g5
33. Qf3 Kg6 34. h3 h5 35. g4 hxg4 36. hxg4 Qf4 37. Qe4+ Qxe4 38. dxe4 Kf7 39.
b4 Ke6 40. Kc2 Kd6 41. Kd3 1/2-1/2

[Event "4NCL Division 4 South"]
[Site "Daventry, ENG"]
[Date "2019.05.04"]
[Round "9.36"]
[White "Adaway, William"]
[Black "Dharmasena, Kian"]
[Result "1/2-1/2"]
[WhiteElo "1863"]
[BlackElo "1757"]
[PlyCount "66"]
[EventDate "2019.05.04"]
[WhiteTeam "Wessex B"]
[BlackTeam "Poisoned Pawns - Next Generation"]

1. e4 e5 2. Bc4 Nc6 3. Nf3 Bc5 4. O-O Nf6 5. d3 d6 6. a4 O-O 7. c3 a5 8. Bg5
Be6 9. Nbd2 Ba7 10. h3 Re8 11. Nh2 h6 12. Bh4 Nb8 13. Bxe6 fxe6 14. Nc4 Nbd7
15. Nxa5 Bxf2+ 16. Rxf2 Rxa5 17. b4 Ra8 18. Ng4 Rf8 19. a5 Rf7 20. Qb3 Qe8 21.
Raf1 Qe7 22. Qd1 Raf8 23. Bxf6 Nxf6 24. Nxf6+ Rxf6 25. Rxf6 Rxf6 26. Rxf6 Qxf6
27. Qf3 Qg5 28. Qd1 Qe3+ 29. Kh1 d5 30. exd5 exd5 31. Qf3 Qe1+ 32. Kh2 c6 33.
Qf5 Qe3 1/2-1/2